000 00522nam a2200181Ia 4500
008 240729s9999 xx 000 0 und d
022 _a2153-3539
245 0 _aJournal of Pathology Informatics
260 _aUnited States
260 _bElsevier
650 _a Computer applications to medicine. Medical informatics | Medicine
650 _a Medicine (General)
650 _a Pathology
650 _aMedicine
856 _uhttps://doaj.org/toc/91c9bf0ad8ec4e47bda60ba445ddce03
942 _2ddc
942 _cDOAJEJ
999 _c70726
_d70726
945 _a1
_bMadushi Gamage
_c1
_dMadushi Gamage